000 00714nam a2200241 c 4500
001 000029970
003 RuMoIPM
005 20260316120339.0
008 110302s1986 ru a||||||||||||||||rus d
035 _abiblionumber
035 _abiblionumber
040 _aRuMoBEN
_brus
_ercr
041 _arus
044 _aru
080 _a51(035)
100 1 _aВыгодский, Марк Яковлевич
245 0 0 _aСправочник по элементарной математике
_cМ. Я. Выгодский
250 _a27-е изд., испр.
260 _aМосква
_bНаука
_c1986
300 _a317 с.
_bил.
504 _aФормул., алф. указ.: с. 305-312
942 _cBK
999 _c29970
_d29970